000 00883nam a2200277 i 4500
003 EG-GICUC
005 20260506073215.0
008 260506s1969 us ||||fr|||| 00| 0 eng d
040 _aEG-GiCUC
_beng
_cEG-GiCUC
_dEG-GiCUC
_eRda
082 0 4 _221
_a345.3
_bRE . A
092 0 4 _221
099 _aLaw1 07 345.3 RE . A 1969
100 1 _aReagan,Michael D.
_eAuthor.
245 _aThe Administration Of Public Policy/
_cMichael D. Reagan.
264 1 _aCalifornia:
_bScott, Foresman And Company,
_c1969.
300 _a304 page ;
_c 24 cm.
336 _2rda contenu
_a texte
337 _2rda medias
_aOrdinateur
338 _2 transporteur rda
_a Ressource en ligne
546 _aText in English
650 1 _aAdministrative Law
650 1 _aAdministrative Activity
856 4 0 _uhttps://fll.law.cu.edu.eg/fulltext/bks/B107-05639.pdf
905 _a59
942 _2ddc
_n0
_cBK
_e21
999 _c75940
_d75940